Kendrick Lamar Songs - Sudden Death - Statistics

General Stats
  • This quiz has been taken 5,675 times
    5,648 since last reset
  • The average score is 6 of 10
Answers on the Grid
Answers color-coded by a green-red scale on the quiz's grid according to % correct below.
Ignorance Is Bliss
Real
Passionfruit
Hood Politics
Piñata
Silent Hill
u
Cartoon & Cereal
Deep Fried Frenz
A.D.H.D
Hypnotize
The Heart Part 6
Heart Pt. 6
If I Ruled the World
The Next Episode
All The Stars
NEW MAGIC WAND
Beez in the Trap
euphoria
Just a Friend
 
Answer Stats
Answer % Correct
u
74%
A.D.H.D
70%
All The Stars
65%
Hood Politics
65%
euphoria
61%
Silent Hill
60%
Real
56%
Ignorance Is Bliss
50%
Heart Pt. 6
47%
Cartoon & Cereal
34%
No matching quizzes found
Score Distribution
Percent of People with Each Score
Percentile by Number Answered
Your Score History
You have not taken this quiz since the last reset